000 00530nam a2200217Ia 4500
003 OSt
005 20140311163106.0
008 140130s9999 xx 000 0 und d
020 _a0439063655
050 _aPS 3562.U225
_b.L931 1998
100 _aLucado, Max
_924245
245 _aYou are Special /
_cMax Lucado.
260 _bScholastic,
_c1998.
_aNew York :
300 _a20 p. :
_bcol. ill. ;
_c26 cm.
440 _v1
_931174
521 _aG2
526 _c480
942 _cBK
_2lcc
999 _c40486
_d40486